000 00569nam a22001937a 4500
999 _c6368
_d6368
003 GBCCL
005 20241126110601.0
008 180511b ||||| |||| 00| 0 eng d
040 _cgbc
082 _a220.9505
_bFER
100 _aFerntheil, Carol
_911403
245 _aI read about God's love:
_cCarol Ferntheil
260 _bStandard Publishing,
_aCincinnati:
_c1962
300 _a128 p.;
_bill., col.,
_c23 cm.
440 _aBasic Bible Reader
_vGrade one
_911404
650 _aJuvenile literature
_910336
650 _aBible stories
_xChildren
_911405
942 _2ddc
_cBK